[Event "USA-ch Gr-B"]
[Site "Salt Lake City"]
[Date "1999.08.23"]
[Round "1"]
[White "Benjamin, Joel"]
[Black "Serper, Grigory"]
[Result "0-1"]
[WhiteElo "2579"]
[BlackElo "2540"]
[Annotator "Ribli,Z"]
[PlyCount "92"]
[EventDate "1999.08.05"]
[EventType "tourn"]
[EventRounds "7"]
[EventCountry "USA"]
[EventCategory "13"]
[SourceTitle "CBM 073"]
[Source "ChessBase"]
[SourceDate "1999.12.01"]
[SourceVersion "1"]
[SourceVersionDate "1999.12.01"]
[SourceQuality "1"]

{[%mdl 4160]} 1. e4 c5 2. Nf3 e6 3. Nc3 {Weiss spielt (noch) nicht 3.d4 und
kann auf diese Weise einige Varianten vermeiden. Ribli.} a6 4. g3 b5 5. d4 {
Das ist die prinzipielle Fortsetzung, aber Weiss kann auch mit 5.d3 fortsetzen.
} cxd4 6. Nxd4 b4 (6... Bb7 7. Bg2 b4 8. Nce2 $5 Nf6 9. O-O $1 (9. Bg5 Be7 10.
Qd3 d6 11. O-O Nbd7 12. Bxf6 Bxf6 13. Qd2 Qb6 14. a3 bxa3 15. Rxa3 Nc5 16. b4
Nxe4 17. Qe3 d5 18. c4 Bg5 19. f4 Be7 20. c5 Qc7 21. c6 Bc8 22. Bxe4 dxe4 23.
Qxe4 O-O $13 {0-1 Gubanov,A-Sakaev,K/St.Petersburg 1995/CBM 47 (35)}) 9... Bxe4
(9... Nxe4 $5 10. Nf4 d5 $13) 10. Bxe4 Nxe4 11. Nf4 Bc5 (11... d5 $5) 12. Re1
$44 {1-0 Sutovskij,E-Har Zvi,R/Israel 1998/Inf 71/[Sutovskij,E] (24)}) 7. Na4 (
7. Nb1 Bb7 8. Bg2 Nf6 9. Nd2 d5 10. e5 Nfd7 11. f4 Qb6 12. N2f3 Bc5 13. O-O Nc6
14. Be3 O-O 15. Kh1 a5 16. Bg1 Ba6 17. Re1 Rac8 18. Qd2 Rfe8 {0-1 Walther,
E-Portisch,L/Madrid 1960/MCD (41)}) (7. Nce2 $5 Bb7 8. Bg2 Nf6 9. Qd3 (9. f3 $6
Bc5 10. Be3 Qb6 11. Bg1 O-O 12. c3 Nc6 13. cxb4 Qxb4+ 14. Qd2 e5 {0-1 Pinkas,
K-Svobodova,M/Fridek Mistek 1995/EXT 99 (42)}) (9. O-O $5) 9... Be7 10. O-O d6
11. c3 bxc3 12. Nxc3 Nbd7 13. b3 O-O 14. Bb2 Rc8 15. Rac1 Qa5 {0-1 Groberman,
E-Sagalchik,O/ch-USA (women), Salt Lake City USA 1999 (73)}) 7... Bb7 8. Bg2
Nf6 $5 (8... Qa5 9. b3 (9. c3 Nf6 10. O-O Nxe4 11. cxb4 Bxb4 12. Be3 O-O 13.
Rc1 f5 14. Ne2 $44 {1-0 Hebden,M-Stepak,Y/London 1991/TD (39)}) 9... Nf6 10.
Qe2 Nc6 11. Bb2 Nxd4 12. Bxd4 e5 13. Bb6 Qb5 14. Qe3 Rc8 15. O-O-O Be7 16. f4
O-O 17. Rd2 Rfe8 18. fxe5 Qxe5 19. Bd4 Qa5 20. Kb1 Nxe4 21. Bxe4 Bg5 22. Bxb7
Bxe3 23. Bxe3 Rb8 24. Bb6 Qb5 25. Bd5 Rxb6 {0-1 Weiss,C-Pavasovic,D/Baden 1999/
CBM 71 (36)}) 9. Bg5 $6 {Dieser Zug ist scheinbar aktiv, aber der Damenzug
scheint mir viel chancenreicher.} (9. Qe2 Nc6 (9... Be7 10. O-O O-O 11. b3 Nc6
12. Bb2 Qc7 13. Rfd1 d5 14. exd5 Nxd4 15. Rxd4 Bxd5 16. Bxd5 Nxd5 17. Rc4 Qa5
18. Rd1 Rfd8 19. Qh5 Ne3 $1 20. Rxd8+ Rxd8 21. Qe2 Nxc4 {0-1 Felgaer,R-Kundin,
A/Oropesa del Mar 1998/CBM 67 ext (21)}) (9... Qa5 10. b3 d5 (10... Nc6 11. Be3
Nxd4 12. Bxd4 Qb5 $13) 11. exd5 Bxd5 12. O-O Bxg2 13. Kxg2 Qd5+ 14. Nf3 Nbd7
15. Bb2 Be7 16. c4 bxc3 17. Nxc3 Qb7 {1/2-1/2 Thesing,M-Van der Spek,H/NLD-chT
1996/EXT 99 (73)}) 10. Be3 Nxd4 11. Bxd4 Be7 12. b3 Bc6 13. c4 bxc3 14. Nxc3
Qa5 15. f4 Bb4 16. Rc1 Bb5 17. Qd2 d6 18. e5 dxe5 19. fxe5 Nd5 20. Bxd5 exd5
21. a4 Bd7 22. O-O Be6 {0-1 Zinn,L-Portisch,L/Halle 1967/EXT 99 (40)}) (9. O-O
Bxe4 10. Bxe4 Nxe4 11. Re1 d5 12. Nxe6 fxe6 13. Qh5+ g6 14. Qe5 Qf6 15. Rxe4
Qxe5 16. Rxe5 {1/2-1/2 Sikora Lerch,J-Rasik,V/CZE-chT2 9596 1996/EXT 98 (16) 0,
55-0,57}) 9... Be7 $5 {Dieser einfacher Lauferzug bietet Schwarz mindestens
gleiche Chancen.} (9... Qa5 10. Bxf6 gxf6 11. c3 Nc6 12. O-O Bg7 (12... Rc8 13.
Ne2 Ne5 14. cxb4 Bxb4 15. a3 Be7 16. b4 Qb5 17. f4 Nc6 18. Nec3 Qc4 19. Rc1
Qd4+ 20. Qxd4 Nxd4 {1/2-1/2 Berelovich,A-Kveinys,A/Koszalin 1998/CBM 65 ext 
(30)}) 13. cxb4 Qxb4 14. Ne2 Bh6 15. f4 O-O 16. Rc1 a5 17. a3 Qe7 18. Nc5 Ba6
19. Rf2 Ra7 20. Nxa6 Rxa6 21. Nc3 Rb8 22. Rd2 Ra7 23. a4 Rb4 24. Na2 Rb8 25.
Nc3 Rb4 26. Na2 Rb8 27. Nc3 {1/2-1/2 Adams,M-Kasparov,G/Tilburg 1997/Inf 70 
(27)}) 10. O-O $6 {Nach diesem natürlichem Zug übernimmt Schwarz bereits die
Initiative.} (10. Bxf6 Bxf6 11. a3 bxa3 (11... d5 $5) (11... Nc6 12. Nxc6 Bxc6
13. axb4 Bxa4 14. Rxa4 Bxb2 15. O-O O-O 16. Qd3 $14) 12. Rxa3 Nc6 $11) 10...
Qa5 $1 {[%cal Ra5a4,Ra5g5,Rf6e4,Rb7e4] Dieser ausgezeichnete Damenzug stellt
Weiss vor Probleme.} 11. Bxf6 Bxf6 12. Nb3 {Dieser Zug führt zu forcierten
Varianten, die Schwarz in Vorteil bringen. Interessant, dass ein so guter
Grossmeister wie Benjamin nicht die 17 Jahre alte Theorie kennt!} (12. c3 {
Dieser Zug ist auch nicht genug für Ausgleich, aber vielleicht besser als die
Partiefortsetzung.} Nc6 13. cxb4 Qxb4 14. Nxc6 Bxc6 $15) 12... Qxa4 13. Nc5 {
[%cal Rc5a4,Rc5b7,Gg2a8]} Qc6 14. Nxb7 Be5 $1 {[%csl Rb7]} (14... Qxb7 15. e5 {
[%cal Rg2a8]} Nc6 (15... d5 16. exf6 (16. exd6 $2 Nc6 $19) 16... gxf6 17. Re1
$44 (17. c4 bxc3 18. bxc3 $44)) 16. exf6 gxf6 17. Qd6 $44) 15. Nd6+ (15. f4
Qxb7 16. fxe5 O-O {Die Stellung ist materiell gleich, aber der weisse e5-Bauer
ist eine grosse Schwäche.} 17. Qd6 Qb5 18. Rad1 Nc6 $17 {[%csl Re5]} 19. Qxd7
$2 Qb6+ 20. Kh1 Rad8 $19) 15... Qxd6 (15... Bxd6 $6 16. e5 {[%cal Rg2a8]} Qc5
17. Qxd6 Qxd6 18. exd6 $16) 16. Qxd6 Bxd6 17. e5 {[%cal Re5d6,Rg2a8]} Bxe5 18.
Bxa8 Bxb2 {Schwarz hat zwei Bauern für die Qualität und eine starke
Bauernmasse im Zentrum.} 19. Rab1 Bc3 {[%csl Gc3] Der Läufer steht
ausgezeichnet auf c3, während der weisse Läufer auf a8 unsicher steht und in
einigen Varianten mit ...d5 eingeschlossen werden kann.} 20. a3 a5 21. axb4
axb4 22. Be4 {Der Läufer kommt zurück, ansonsten wäre 22...d5 stark.} (22. f4
d5 {[%csl Ra8]} 23. f5 Ke7 24. fxe6 fxe6 25. Rf3 Nd7 {[%cal Rh8a8]} 26. Bb7 Nc5
27. Rbf1 Bf6 (27... Nxb7 $2 28. Rf7+ {[%cal Rf7b7]}) 28. Bc6 Rb8 $19 {[%csl
Rc6][%cal Rb8b6,Rb6c6]}) 22... Ke7 $17 {Das ist interessant. Dieser Zug ist
eine theoretische Neuerung. Aber das hat keine grosse Bedeutung, denn die
ganze Variante mit 9.Bg5 ist nicht die beste Moeglichkeit für Weiss.} (22... d5
23. Bd3 Ke7 24. f4 Nc6 25. Kg2 f6 26. Rf2 Nd4 27. g4 e5 28. fxe5 fxe5 29. Rbf1
Kd6 30. Rf7 e4 31. Ba6 Nxc2 32. Kh3 Rb8 {0-1 Bistric,F-Sax,G/Sarajevo 1982/MCD
(32)}) 23. Rfd1 d5 24. Bd3 Nc6 {Die schwarzen Bauern sind viel wertvoller als
die weisse Qualität. Wegen des starken c3-Läufers sind die weisse Türme passiv.
} 25. Bb5 Ne5 (25... Nd4 26. Rxd4 Bxd4 27. Rxb4 Rb8 $17) 26. Ba4 Nf3+ 27. Kg2
Nd2 {[%csl Gc3,Gd2][%cal Rd2b1]} 28. Rxd2 {Weiss hat nichts besseres. Er muss
die Qualität zurückgeben.} (28. Rbc1 Bb2 29. Rxd2 Bxc1 $17) 28... Bxd2 29. Rd1
Bc3 30. Bb3 Kd6 {Schwarz hat zwei Mehrbauern und ausgezeichnete Gewinnchancen.
Die ungleichfarbigen Läufer helfen Weiss nicht.} 31. f3 Kc5 {[%csl Gc3,Gc5]}
32. Kf2 Bd4+ 33. Ke2 e5 34. Rf1 f5 {Weiss kann nur warten, seine Stellung ist
praktisch hoffnungslos.} 35. g4 f4 (35... g6 36. gxf5 gxf5 $19) (35... fxg4 $6
36. fxg4 $17 {[%cal Gf1f7]}) 36. h4 Re8 37. Rh1 e4 $19 {Dieser Durchbruch
entscheidet die Partie.} 38. Rd1 (38. fxe4 dxe4 $19 {[%csl Ge4,Gf4]}) 38... Ra8
{Schwarz zieht nicht mit dem e-Bauern. Er hält stattdessen die Spannung.} (
38... exf3+ $6 39. Kxf3 $16) 39. Rf1 Rf8 {Schwarz muss den f-bauern mit dem
Turm decken, wenn er die Spannung auf e4 halten will.} 40. Rd1 h6 41. h5 Rf6
42. Rf1 Kd6 {[%cal Gd6e5] Schwarz verbessert seine Königsstellung. Der Turm
wird dann wieder beweglich.} 43. Rb1 Ke5 44. Ba4 Bc3 45. Rd1 Ra6 46. Be8 $6 (
46. Bb3 Ra5 $19 (46... d4 $19)) 46... b3 $1 {Und Weiss gab in völlig
hoffnungsloser Stellung auf.} (46... b3 $1 47. cxb3 Ra2+ 48. Kf1 e3 {[%cal
Re3e2,Re2d1,Re2f1]} 49. Bb5 Rf2+ 50. Kg1 e2 {[%cal Re2d1,Re2e1]} 51. Bxe2 Rxe2
$19) 0-1

[Event "Dhaka"]
[Site "Dhaka"]
[Date "1995.??.??"]
[Round "7"]
[White "Rahman, Zillur"]
[Black "Gunawan, Ruben"]
[Result "0-1"]
[WhiteElo "2320"]
[BlackElo "2430"]
[Annotator "Ribli,Z"]
[PlyCount "100"]
[EventDate "1995.??.??"]
[EventType "tourn"]
[EventRounds "13"]
[EventCountry "BAN"]
[EventCategory "9"]
[SourceTitle "CBM 048"]
[Source "ChessBase"]
[SourceDate "1995.10.01"]
[SourceVersion "1"]
[SourceVersionDate "1995.10.01"]
[SourceQuality "1"]

1. e4 {Hecht} c5 2. Nf3 e6 3. d4 cxd4 4. Nxd4 a6 5. Nc3 Qc7 6. Be2 b5 7. Bf3
Bb7 8. O-O Nc6 9. Nxc6 (9. Re1 Bd6 10. g3 Nxd4 11. Qxd4 Be5 12. Qd3 Ne7 $10 {
Panchenko,A-Miles,A/Las Palmas/1978/INF25,379/}) 9... dxc6 10. Bg5 $6 {Eine
Neuerung.} (10. a4 Nf6 11. axb5 axb5 12. Rxa8+ Bxa8 13. g3 Be7 14. Qe2 e5 $10 {
Van der Wiel,J-Christiansen,L/Antwerpen op/1993/CBM37/}) 10... Bd6 $1 11. g3
Ne7 12. Bg2 O-O {Der Nachziehende hat die Eroeffnung zufriedenstellend geloest.
} 13. Qh5 $6 {Weiss hofft auf einen Angriff, aber er wird sich enttaeuschen.}
Ng6 14. f4 f6 $1 15. Bh4 e5 16. Bh3 Rfe8 $1 {Schwarz waehlt eine sichere
Fortsetzung.} (16... exf4 $2 17. Be6+ Kh8 18. Bf5 Qf7 19. gxf4 $40) 17. f5 $6 (
17. Bf5 Nf8 $15) 17... Nxh4 18. Qxh4 Rad8 $1 {Der Koenigsfluegel ist fast
eingefroren und Schwarz will natuerlich im Zentrum spielen.} 19. Rad1 Bc5+ 20.
Kh1 Bd4 $1 21. g4 Bxc3 22. bxc3 Rxd1 23. Rxd1 Rd8 $1 {Der Nachziehende hat nun
ein besseres Endspiel erreicht.} 24. Qe1 (24. Rg1 h6 $17 {Weiss hat keine
Angriffchance.}) 24... c5 25. Bg2 Kf8 $1 {Mit diesem Manoever kontrolliert
Schwarz die drei wichtige Punkte (d8,d7,d6) auf die d-Linie.} 26. Bf3 Ke7 $1
27. Kg2 Rxd1 28. Qxd1 {Q+B - Q+B (gleichfarbige B) schlechter weißer B,
schlechte weiße P-Stellung "home-run" des a-Freibauern} Qa5 $1 {Weiss kann die
Bauernverlust nicht vermeiden.} 29. Qd2 (29. Qa1 {Hecht} Qa4 30. Qb2 Bxe4 $19)
29... Qxa2 30. g5 Qc4 31. gxf6+ gxf6 32. Qh6 Qf7 33. Kf2 Kd6 $1 34. Qd2+ Kc7
35. c4 b4 (35... Qxc4 {Schwarz koennte auch den zweiten P nehmen.} 36. Qa5+ Kc6
$1 37. Bh5 Qd4+ 38. Kf1 Bc8 $19) 36. Qh6 Qe7 37. Ke1 Bc6 38. Kd1 Be8 39. Kc1
Qf7 40. Be2 a5 41. Kb2 a4 42. c3 Qd7 $1 43. Qe3 Kb7 $1 44. Kc1 (44. Qxc5 Qd2+
$19) 44... bxc3 45. Qxc3 Qd4 46. Qg3 (46. Qxd4 cxd4 47. Kb2 Kb6 48. Ka3 Kc5 $19
) 46... Bc6 47. Qg7+ Kb6 48. Qxf6 a3 49. Qf8 a2 50. Qb8+ Bb7 {Schwarz hat
alles erreicht, was man in Sizilianisch erreichen kann.} 0-1

[Event "Olympiad-31"]
[Site "Moscow"]
[Date "1994.12.03"]
[Round "3.2"]
[White "Kotronias, Vasilios"]
[Black "Portisch, Lajos"]
[Result "1/2-1/2"]
[WhiteElo "2545"]
[BlackElo "2610"]
[Annotator "Ribli,Z"]
[PlyCount "64"]
[EventDate "1994.12.01"]
[EventType "team-swiss"]
[EventRounds "14"]
[EventCountry "RUS"]
[SourceTitle "CBM 045"]
[Source "ChessBase"]
[SourceDate "1995.04.01"]
[SourceVersion "1"]
[SourceVersionDate "1995.04.01"]
[SourceQuality "1"]
[WhiteTeam "Greece"]
[BlackTeam "Hungary"]
[WhiteTeamCountry "GRE"]
[BlackTeamCountry "HUN"]

1. e4 c5 2. Nf3 e6 3. d4 cxd4 4. Nxd4 a6 5. Nc3 Qc7 6. Be2 b5 7. Bf3 (7. O-O $5
) 7... Nc6 (7... Bb7 8. Qe2 (8. O-O Nc6 9. Nxc6 dxc6 10. a4 Nf6 (10... Bd6 $5
$10) 11. axb5 axb5 12. Rxa8+ Bxa8 13. g3 Be7 14. Qe2 e5 15. Be3 O-O $10 {
Van der Wiel,J-Christiansen,L/Antwerpen/1993/CBM37/}) 8... Nc6 9. Nxc6 dxc6 10.
e5 Ne7 11. O-O Nd5 $10 {Tal,M-Gheorghiu,F/Moscow izt/1982/INF34,233/}) 8. Nxc6
dxc6 9. a4 Rb8 $5 (9... Bb7 $10) 10. O-O Bd6 11. g3 Nf6 12. Re1 Nd7 13. Bg2 O-O
14. Qe2 Bb7 (14... e5 15. Be3 Bb7 16. Red1 $10) 15. f4 f5 16. e5 (16. Be3 e5 (
16... Nb6 $5) 17. exf5 exf4 18. Bxf4 Bxf4 19. gxf4 Nf6 $44) 16... Be7 17. Be3
Nb6 18. b3 Bb4 19. Bd2 Rfd8 20. Ne4 (20. Nxb5 $4 Bc5+ $19) 20... Bxd2 (20...
Be7 21. Nf2 c5 22. axb5 Bxg2 23. Kxg2 axb5 24. Ba5 $13) 21. Nxd2 Nd5 22. Qf2 c5
23. axb5 axb5 24. Ra7 Qb6 25. Rea1 Nb4 26. Bxb7 Rxb7 27. Rxb7 Qxb7 28. c3 Na6 (
28... Nd5 $5 29. Qf3 $5 $13 (29. Qxc5 $2 Nxf4 $1 30. gxf4 Rxd2 $19)) 29. Qf3
Qb6 30. Qe3 Qc6 31. Qf3 Qb6 32. Qe3 Qc6 {Ribli} 1/2-1/2

[Event "Asia-ch"]
[Site "Kolkata"]
[Date "2001.08.15"]
[Round "9"]
[White "Annageldyev, Orazly"]
[Black "Nazarov, Anvar"]
[Result "1-0"]
[WhiteElo "2485"]
[BlackElo "2410"]
[Annotator "Ribli,Z"]
[PlyCount "41"]
[EventDate "2001.08.09"]
[EventType "swiss"]
[EventRounds "11"]
[EventCountry "IND"]
[SourceTitle "CBM 085"]
[Source "ChessBase"]
[SourceDate "2001.11.13"]
[SourceVersion "1"]
[SourceVersionDate "2001.11.13"]
[SourceQuality "1"]

1. e4 c5 2. Nf3 e6 3. Nc3 a6 4. d4 cxd4 5. Nxd4 b5 6. Be2 {Dieser nur
scheinbar bescheidene Läuferzug ist nicht ungefährlich für Schwarz. Die
Alternative 6.Bd3 wird jedoch häufiger gespielt.} Bb7 7. Bf3 Qc7 (7... Nc6 $5)
(7... b4 $5 8. Na4 Nf6) 8. O-O b4 $6 {Statt dieser riskanten Fortsetzung kann
Schwarz die Entwicklung auch mir 8...Nc6 fortsetzen.} (8... Nc6) 9. Nd5 $1 $146
{[%mdl 4] Dieses Springeropfer ist für ähnliche Stellungen typisch, in dieser
konkreten Stellung hingegen wurde dieser Zug noch nie gespielt.} (9. Nce2 Bd6
10. Ng3 Ne7 11. Be3 (11. a3 bxa3 12. b3 O-O 13. Bxa3 Bxa3 14. Rxa3 d5 15. exd5
Nxd5 16. c4 Nf4 17. Bxb7 Qxb7 18. Qf3 Qxf3 19. Nxf3 Nc6 {1/2-1/2 Liu
Dede-Gunawan,R/Jakarta 1996/CBM 56 (86)}) 11... Nbc6 12. Qd2 Be5 13. a3 bxa3
14. Rxa3 O-O 15. Be2 Rfd8 16. Nxc6 Qxc6 17. f4 Bd6 18. Rb3 Bc5 19. Kh1 Bxe3 20.
Qxe3 Nf5 {0-1 Van Elst,A-Rotstein,A/France 2000/EXT 2001 (41)}) (9. Na4 d6 (
9... Nc6 10. Nxc6 Bxc6 11. c3 Qa5 12. b3 bxc3 13. Be3 Nf6 14. Nb6 Rb8 15. Nc4
Qc7 16. Bd4 {1-0 Smeets,J-Paragua,M/Oropesa del Mar 1998/EXT 2000 (22)}) 10. c3
bxc3 11. Nxc3 Nd7 12. Qa4 Ngf6 13. Be3 Rc8 14. Rac1 Qb8 15. g4 h6 16. h3 Be7
17. Bg2 O-O 18. f3 Ne5 {1/2-1/2 Holzer,G-Weissel,G/Vienna 1996/CBM 55 ext (57)}
) 9... exd5 $2 {Es ist verständlich, dass Schwarz den Springer schlägt, meiner
Meinung nach wäre es aber besser, dieses Opfer abzulehnen.} (9... Qd8 $5 10.
Re1 (10. Bf4 exd5 (10... d6 11. Qe1 $5 $13 (11. Nxb4 e5 $17)) 11. exd5 Bc5 12.
Nb3 $13) 10... Nc6) 10. exd5 d6 (10... Bd6 11. Nf5 Bxh2+ 12. Kh1 Bd6 (12... Be5
13. d6 Qc8 14. Re1 $16) 13. Re1+ Kf8 14. Qd4 Nf6 15. Qxf6 $18) 11. Re1+ Be7 (
11... Kd8 12. a3 $36) (11... Ne7 12. a3 $36) 12. Nf5 $16 {[%csl Gf5] Weiß hat
nur einen Bauern für die Figur, aber Schwarz hat enorme Schwierigkeiten bei
der Entwicklung.} Nd7 (12... Bc8 13. Nxg7+ Kf8 14. Qd4 f6 (14... Bf6 15. Bh6 $1
$18) 15. Ne6+ Bxe6 16. dxe6 Nc6 17. Qd5 Rc8 18. Qh5 Nd8 19. Bh6+ Nxh6 20. Qxh6+
Kg8 21. Bd5 Qc5 22. Rad1 Qxc2 23. Rc1 Qg6 24. Qxg6+ hxg6 25. Rxc8 Rh5 26. Rxd8+
{1-0 Annageldyev,O-Mahjoob,M/Dubai UAE 2001 (26)}) 13. Bf4 {[%csl Re8][%mdl
128]} Ne5 (13... Kf8 14. Rxe7 Nxe7 15. Bxd6 $18) (13... Kd8 14. Rxe7 Nxe7 15.
Bxd6 Nxf5 16. Bxc7+ Kxc7 17. c3 $18 {[%csl Rc7]}) 14. Bxe5 dxe5 15. d6 $18 {
Jetzt hängt alles in der schwarzen Stellung.} O-O-O (15... Qd7 16. Bxb7 Qxb7
17. Rxe5 $18) 16. dxc7 Rxd1 17. Bxb7+ Kxb7 18. Raxd1 Kxc7 19. Rxe5 {Weiß steht
auf Gewinn - er hat Qualität und Bauern mehr.} (19. Nxg7 $18) 19... Bf6 20. Re8
g6 21. Ne3 1-0

[Event "St Petersburg-ch"]
[Site "St Petersburg"]
[Date "1998.04.17"]
[Round "10"]
[White "Shaposhnikov, Evgeny"]
[Black "Taimanov, Mark E"]
[Result "1-0"]
[WhiteElo "2415"]
[BlackElo "2490"]
[Annotator "Ribli,Z"]
[PlyCount "71"]
[EventDate "1998.04.07"]
[EventType "tourn"]
[EventRounds "13"]
[EventCountry "RUS"]
[EventCategory "10"]
[SourceTitle "CBM 065"]
[Source "ChessBase"]
[SourceDate "1998.08.06"]
[SourceVersion "1"]
[SourceVersionDate "1998.08.06"]
[SourceQuality "1"]

1. e4 c5 2. Nf3 e6 3. d4 cxd4 4. Nxd4 Nc6 5. Nc3 a6 6. Be2 (6. Nxc6 bxc6 7. Bd3
) 6... Qc7 7. O-O b5 {Eine relativ seltene Fortsetzung. Häufig wird 7...Nf6
gespielt. Ribli.} 8. Re1 {Ich glaube, dieser Zug bietet dem Weißen keinen
Eröffnungsvorteil. Die Alternative 8.Nxc6!? scheint mir aktiver.} (8. Nxc6 $5
dxc6 (8... Qxc6) 9. a4 Rb8 10. f4 Bb7 11. Kh1 Rd8 12. Qe1 Be7 13. Be3 b4 14.
Nb1 c5 15. Nd2 $14 {[%csl Yc4][%cal Gd2c4]}) 8... Bb7 9. Bf3 $6 $11 {Dieser
Läuferzug erscheint mir unnatürlich. Der weisse Läufer behindert den weißen
f-Bauern.} (9. Bf1 Nf6 (9... b4 10. Nd5 $1 {[%csl Ge1][%cal Ge1e8]} Qd8 11. Bf4
$40) 10. Nxc6 dxc6 (10... Bxc6 11. Nd5 Qb7 12. Nxf6+ gxf6 13. Qd4 Rg8 14. g3
Rc8 15. Bd2 Rg4 16. f3 Rg6 17. Be3 {0-1 Groetz,H-Ooms,A/EU-chJM 1997 (56)}) (
10... Qxc6 11. e5 b4 12. Ne2 Nd5 13. a3 a5 (13... bxa3 14. b3) 14. Nd4 Qb6 $11
{Weiß hat Entwicklungsvorsprung, aber der schwarze Springer steht auf d5
ausgezeichnet.}) 11. e5 Rd8 12. Qf3 Nd5 13. Bg5 Be7 14. Bxe7 Nxe7 15. Qh5 Ng6
16. Bd3 {1/2-1/2 Rogers,I-Ye Jiangchuan/Asia zt 1990}) (9. Nxc6 Bxc6 (9... dxc6
) 10. Nd5 Bxd5 11. exd5 Nf6 12. a4 b4 13. Bf3 Rc8 14. Qd3 a5 15. Bg5 Be7 16.
Rad1 h6 17. Be3 Bc5 18. dxe6 dxe6 19. Qb5+ Ke7 20. Bxc5+ Qxc5 21. Re5 $13 {
Barua,D-Kulaots,K/Benasque op 1997}) 9... Ne5 (9... Bd6 $5 10. g3 (10. Nxc6
dxc6 $11 (10... Bxh2+ $6 11. Kh1 dxc6 12. g3 Bxg3 13. fxg3 Qxg3 14. Qe2 $14 {
Schwarz hat drei Bauern für die Figur, aber das weiße Läuferpaar ist stark.}) (
10... Bxc6 11. Nd5 $5 {[%cal Ge1e8]})) (10. Ndxb5 $2 axb5 11. Nxb5 Bxh2+ $19) (
10. Nd5 $2 exd5 11. exd5+ Ne5 $19) 10... Nxd4 11. Qxd4 Be5 $11 {[%csl Ge5,Rf3]
Und Schwarz hat mit folgendem 12...Ne7 bequemes Spiel.}) 10. Bf4 d6 (10...
Nxf3+ 11. Qxf3 d6 12. Bg3 $14 {Schwarz hat das Läuferpaar, aber der weiße
Entwicklungsvorsprung ist gegen den schwarzen König in der Mitte gefährlich.})
11. a4 $5 (11. Bxe5 $2 dxe5 $15 {Die schwarzen Doppelbauern kontrollieren die
wichtigsten zentralen Punkte.}) 11... bxa4 (11... b4 $5 12. Na2 Qb6 $13) (11...
Nxf3+ 12. Qxf3 bxa4 $5) 12. Bh5 {[%cal Rd4e6]} (12. Rxa4 Nf6) 12... g6 13. Be2
Nf6 (13... Ne7 $2 14. Ndb5 {[%csl Rd6,Re5,Re8]} axb5 15. Nxb5 $18 {[%cal Rb5c7,
Rb5d6,Rd6e8]}) (13... Bh6 $2 14. Ndb5 axb5 15. Nxb5 $18 {[%cal Rb5c7,Rb5d6,
Rd6e8]}) (13... Bg7) 14. Rxa4 $14 Be7 (14... Bg7 $2 15. Ndb5 axb5 16. Nxb5 $18
{[%csl Gb5,Rc7,Rd6,Re5,Re8,Gf4]}) 15. Bh6 {[%csl Re8,Gh6] Leider muß der
schwarze König in der Mitte bleiben, denn die kurze Rochade ist unmöglich,
während die lange Rochade recht fraglich erscheint.} Nfd7 (15... Bf8 16. Qd2 (
16. Bxf8 Kxf8 {[%cal Rf8g7]}) 16... Nxe4 17. Nxe4 Bxe4 18. Nxe6 fxe6 19. Rxe4
$36 {[%csl Ge1,Ge4,Re8]}) (15... Nxe4 16. Nxe4 Bxe4 17. Bxa6 $16 {[%csl Ge1,
Re4,Re8]}) 16. Bf1 {Der schwarze König steht in der Mitte unsicher und Weiß
kann später mit f2-f4 einen gefährlichen Angriff einleiten.} Rg8 17. Bf4 (17.
f4 Nc6 $14) 17... g5 18. Bg3 Kf8 (18... Nc5 19. Ra3 $14) 19. Nb3 {[%csl Ya5,
Ge5][%cal Gb3a5] Weiß droht, sich mit 20.Na5 das Läuferpaar zu verschaffen.}
Nc5 20. Nxc5 Qxc5 (20... dxc5 $6 21. Qa1 $16 {[%csl Ra6,Rc7,Re5,Gg3][%cal
Gg3c7]} (21. Qh5 {[%csl Rc7,Re5,Rf8,Gg3,Gh5][%cal Gg3c7]})) 21. Qd4 $1 {
Der schwarze Springer steht sehr gut auf e5 und ein Angriff gegen den
schwarzen König ist schwer zu verwirklichen. Also strebt Weiß das Endspiel, in
dem die schwarzen Schwächen am Damenflügel ins Gewicht fallen sollten, an.} (
21. Qh5 $5 Bf6 (21... Kg7) 22. Rea1 $36 (22. Qxh7 $4 Rh8 $19)) 21... Qxd4 (
21... Qc7 22. Rea1 $16 {[%csl Ga1,Ga4,Ra6]}) 22. Rxd4 {[%csl Ra6][%cal Gd4a4,
Ge1a1,Ga1a6]} Bc6 (22... Kg7 $2 {Positionell wäre dieser Zug gut, aber
taktisch verliert er sofort.} 23. Bxe5+ dxe5 24. Rd7 $18 {[%cal Rd7e7,Rd7b7]})
23. Ra1 {[%csl Ga1,Ra6]} a5 24. Nb5 $16 {[%csl Ra5,Gb5,Rd6] Die weißen Figuren
haben starke Felder am schwachen schwarzen Damenflügel. Schwarz kann kein
Gegenspiel entwickeln.} Bxb5 (24... Rb8 25. Nxd6 $16 {[%csl Re5][%cal Rg3e5]})
25. Bxb5 Kg7 26. Rda4 {[%csl Ga1,Ga4,Ra5]} Rab8 (26... Bd8 27. c4 Bc7 28. b4
$16 {[%csl Ra8]}) 27. c4 Nd3 $2 {Schwarz aktiviert seinen Springer, aber die
weißen Figuren dringen jetzt in die schwarze Stellung ein.} (27... Bd8 $5 {
Weiß besitzt das Läuferpaar und den starken Vorposten auf b5, aber es ist
nicht leicht, die Stellung zu verstärken.}) 28. Rxa5 Nxb2 29. Ra7 {[%csl Ga7,
Rb2,Gb5][%cal Ra7e7]} Kf6 (29... Bf8 30. R1a3 $16 {[%csl Rb2,Rf7,Rg7][%cal
Ra3f3,Rf3f7]}) (29... Bf6 $2 30. Bxd6 $16) 30. R1a3 {[%csl Rb2,Re7][%cal Ra3f3]
Weiß steht aktiv, während der Schwarze Probleme mit der Figurenkoordination
hat.} Rgc8 (30... Nxc4 $2 31. Bxc4 Rb1+ 32. Bf1 $18) (30... g4 $2 {Dieser Zug
richtet sich gegen 31.Rf3, verliert aber sofort.} 31. Bh4+ $18 {[%csl Re7,Rf6]}
) 31. h3 $1 $18 {Weiß verschafft seinem König ein Fluchtfeld und droht 32.Rf3
mit sofortigem Gewinn.} (31. Rf3+ Kg6 32. Rxe7 Rxb5 33. Rexf7 (33. Rfxf7 $16)
33... Rf5 $1 34. exf5+ Kxf7 $16) 31... Nxc4 {Dieser Zug hilft nicht, aber
Schwarz ist den vielfältigen Drohungen ohnehin ausgeliefert.} 32. Bxc4 Rb1+ (
32... Rxc4 33. Rf3+ Kg6 34. Rxe7 $18) 33. Kh2 Rxc4 34. Rf3+ Kg6 35. Rxe7 e5 (
35... Rcc1 {[%csl Rh2][%cal Rb1h1]} 36. Bxd6 Rh1+ 37. Kg3 $18) 36. Rexf7 {
[%csl Gf3,Gf7,Rg6] Schwarz gab auf, denn seine einzige Drohung 36...Rcc1
scheitert an Matt in zwei.} (36. Rexf7 Rcc1 37. R3f6+ Kh5 38. Rxh7#) 1-0